TENWEK HOSP HOME | SOC  | ASK A LIBRARIANSTAFF LOGIN  |  DIGITAL REPOSITORYe-BOOK PORTAL  |  OFF-CAMPUS PORTAL  |  DONATE

Women's medicine / (Record no. 3200)

MARC details
000 -LEADER
fixed length control field 01050pam a2200301 a 4500
001 - CONTROL NUMBER
control field 672543
003 - CONTROL NUMBER IDENTIFIER
control field Ke-BoTe
005 - DATE AND TIME OF LATEST TRANSACTION
control field 20220525093955.0
008 - FIXED-LENGTH DATA ELEMENTS--GENERAL INFORMATION
fixed length control field 950825s1996 mauaf b 001 0 eng c
010 ## - LIBRARY OF CONGRESS CONTROL NUMBER
LC control number 95036198
020 ## - INTERNATIONAL STANDARD BOOK NUMBER
International Standard Book Number 0865423733 (alk. paper)
040 ## - CATALOGING SOURCE
Original cataloging agency DNLM/DLC
Transcribing agency DLC
Modifying agency DLC
050 00 - LIBRARY OF CONGRESS CALL NUMBER
Classification number RC48.6
Item number .W65 1996
060 10 - NATIONAL LIBRARY OF MEDICINE CALL NUMBER
Classification number WA 309 W8745 1996
082 00 - DEWEY DECIMAL CLASSIFICATION NUMBER
Classification number 616/.0082
Edition number 20
245 00 - TITLE STATEMENT
Title Women's medicine /
Statement of responsibility, etc. edited by Richard E. Blackwell.
260 ## - PUBLICATION, DISTRIBUTION, ETC.
Place of publication, distribution, etc. Cambridge, Mass. :
Name of publisher, distributor, etc. Blackwell Science ;
Date of publication, distribution, etc. c1996.
300 ## - PHYSICAL DESCRIPTION
Extent 644 p., [4] p. of plates :
Other physical details col ill . ;
Dimensions 26 cm.
504 ## - BIBLIOGRAPHY, ETC. NOTE
Bibliography, etc. note Includes bibliographical references and index.
650 #0 - SUBJECT ADDED ENTRY--TOPICAL TERM
Topical term or geographic name entry element Women
General subdivision Diseases.
9 (RLIN) 6586
650 #0 - SUBJECT ADDED ENTRY--TOPICAL TERM
Topical term or geographic name entry element Women's health services.
9 (RLIN) 6692
650 12 - SUBJECT ADDED ENTRY--TOPICAL TERM
Topical term or geographic name entry element Women's Health.
9 (RLIN) 6693
650 22 - SUBJECT ADDED ENTRY--TOPICAL TERM
Topical term or geographic name entry element Clinical Medicine.
9 (RLIN) 3292
700 1# - ADDED ENTRY--PERSONAL NAME
Personal name Blackwell, Richard E.
9 (RLIN) 6694
906 ## - LOCAL DATA ELEMENT F, LDF (RLIN)
a 7
b cbc
c orignew
d 1
e ocip
f 19
g y-gencatlg
942 ## - ADDED ENTRY ELEMENTS (KOHA)
Source of classification or shelving scheme Library of Congress Classification
Koha item type Books
Suppress in OPAC No
Holdings
Withdrawn status Lost status Source of classification or shelving scheme Damaged status Not for loan Collection code Home library Current library Shelving location Date acquired Full call number Barcode Date last seen Price effective from Koha item type
    Library of Congress Classification     Non-fiction SCHOOL OF HEALTH SCIENCES SCHOOL OF HEALTH SCIENCES General Stacks 25.05.2022 RC48.6W65 1996 00001525 25.05.2022 25.05.2022 Books